Medicina del adolescente / (Registro nro. 21779)

Detalles MARC
000 -LEADER
fixed length control field 01163nam a2200289 4500
001 - CONTROL NUMBER
control field 0000017069
003 - CONTROL NUMBER IDENTIFIER
control field CO-CtgCURN
005 - DATE AND TIME OF LATEST TRANSACTION
control field 20250331185150.0
007 - PHYSICAL DESCRIPTION FIXED FIELD--GENERAL INFORMATION
fixed length control field ta
008 - FIXED-LENGTH DATA ELEMENTS--GENERAL INFORMATION
fixed length control field 160627s1994 000 0 eng d
020 ## - INTERNATIONAL STANDARD BOOK NUMBER
International Standard Book Number 8479031859
040 ## - CATALOGING SOURCE
Original cataloging agency CO-CtgCURN
Language of cataloging spa
Transcribing agency coctgcurn
082 0# - DEWEY DECIMAL CLASSIFICATION NUMBER
Classification number 612.54
Item number M12m
245 00 - TITLE STATEMENT
Title Medicina del adolescente /
Statement of responsibility, etc. Elizabeth R.McAnarney...[et , al].
260 ## - PUBLICATION, DISTRIBUTION, ETC.
Place of publication, distribution, etc. Madrid :
Name of publisher, distributor, etc. Editorial medica Panamericana,
Date of publication, distribution, etc. 1994.
300 ## - PHYSICAL DESCRIPTION
Extent 1264 p.
336 ## - CONTENT TYPE
Source rdacontent
337 ## - MEDIA TYPE
Source rdamedia
Media type term sin mediacion
Media type code n
338 ## - CARRIER TYPE
Source rdacarrier
Carrier type term volumen
Carrier type code nc
500 ## - GENERAL NOTE
General note Incluye indice Analitico.
505 8# - FORMATTED CONTENTS NOTE
Formatted contents note Enfoque clinico de la atencion de salud del adolescente.--Crecimiento y desarrollo.--Nutricion.--Necesidades nutricionales y el proceso de crecimiento.--Dolores trastornos del sueño y problemas psicosomaticos.--Sintomas y signos comunes.--Problemas nutricionales y endocrinologicos comunes
650 14 - SUBJECT ADDED ENTRY--TOPICAL TERM
Topical term or geographic name entry element Relaciones sexuales en la adolescencia.
700 1# - ADDED ENTRY--PERSONAL NAME
Personal name McAnarnuy, Elizabeth R.
908 ## - PUT COMMAND PARAMETER (RLIN)
Put command parameter 160627
942 ## - ADDED ENTRY ELEMENTS (KOHA)
Koha item type Libros
Classification part 612.54
Item part M12m
Source of classification or shelving scheme Dewey Decimal Classification
Existencias
Withdrawn status Lost status Source of classification or shelving scheme Damaged status Not for loan Collection Home library Current library Shelving location Date acquired Inventory number Total checkouts Full call number Barcode Date last seen Price effective from Koha item type Public note
    Dewey Decimal Classification     General Miguel Henríquez Emiliani Miguel Henríquez Emiliani General 03/31/2025 008393   612.54 M12m 008393 03/31/2025 03/31/2025 Libros 610-CIENME